| 000 | 00602nam a22001817a 4500 | ||
|---|---|---|---|
| 999 |
_c61475 _d61475 |
||
| 005 | 20240318163254.0 | ||
| 008 | 240318s1990 ru ||||| |||| 00| 0 rus d | ||
| 041 | _arus | ||
| 080 | _a930.85 П-12 | ||
| 100 |
_aПанченко, Д.В. _921455 |
||
| 245 |
_aПлатон и Атлантида / _cД. В. Панченко. |
||
| 264 |
_aЛ.: _bНаука, _c1990. |
||
| 300 |
_a187 с.; _b20 см. |
||
| 440 |
_aИз истории мировой культуры. _921456 |
||
| 653 | _aპლატონი და ატლანტიდა | ||
| 653 | _aისტორია | ||
| 942 |
_2udc _cBK |
||